|
|
|
|
| LEADER |
00000nam a22000007a 4500 |
| 005 |
20200422160545.0 |
| 007 |
cr|||| ||| |
| 008 |
200422c20139999br n|w s|||| 0|||b1por d |
| 022 |
|
|
|a 2448-4628
|
| 035 |
|
|
|a 31452
|
| 040 |
|
|
|a vLex
|
| 090 |
|
|
|c 10329
|d 10329
|
| 245 |
0 |
0 |
|a Revista da Faculdade de Direito da FMP (RFDF)
|h [Recurso electrn̤ico] /
|
| 256 |
|
|
|a Servicio en ln̕ea
|
| 260 |
|
|
|a Porto Alegre:
|b Faculdade de Direito da Fundaȯ̂ Escola Superior do Ministřio Pb︢lico (FMP),
|c 2013 -
|
| 300 |
|
|
|a 1 recurso electrn̤ico
|
| 310 |
|
|
|a Irregular
|
| 506 |
1 |
|
|a Disponible solo en los productos indicados
|d vLex Global
|d vLex Global (Academic Edition, excluding Law Schools)
|d vLex Global (U.S. Academic Edition, Law Schools)
|d vLex Global (U.S. Academic Edition, excluding Law Schools)
|d vLex Global (Academic Edition, Law Schools)
|
| 650 |
0 |
|
|a Derecho Pb︢lico y Administrativo
|z Brasil
|
| 740 |
0 |
|
|a vLex Revistas (Servicio en ln̕ea)
|
| 856 |
4 |
0 |
|u http://vlex.com/source/revista-da-faculdade-de-direito-da-fmp-rfdf--31452
|z Acceso restringido
|
| 942 |
|
|
|c REV
|
| 999 |
0 |
|
|a Public and Administrative Law
|